000 00374nam a2200169Ia 4500
001 28074
003 IN-NITTTR
005 20251114233348.0
008 251113s9999||||xx |||||||||||||| ||eng||
040 _beng
040 _cIN-NITTTR
041 _aeng
082 _a540 S23A
100 _aSharma, Sanjay
245 0 _aAIEEE chemistry /
_cSharma, Sanjay
942 _2ddc
_cBK
999 _c30702
_d30702